Formes contraintes d'agrégation des comportements économiques thése
Salvato in:
| Autore principale: | |
|---|---|
| Natura: | Libro |
| Lingua: | francese |
| Pubblicazione: |
Toulouse
Université des sciences sociales
1980
|
| Tags: |
Nessun Tag, puoi essere il primo ad aggiungerne!!
|
MARC
| LEADER | 00000nam a2200000 4500 | ||
|---|---|---|---|
| 001 | c130238 | ||
| 005 | 20041019155248.8 | ||
| 041 | 0 | |a fre | |
| 044 | |a FR | ||
| 245 | 1 | 0 | |a Formes contraintes d'agrégation des comportements économiques |b thése |c Michel Cavagnac |
| 264 | 1 | |a Toulouse |b Université des sciences sociales |c 1980 | |
| 300 | |a 224 s. | ||
| 100 | 1 | |a Cavagnac, Michel | |